Top 5 wydzielin ludzkiego ciała - Statystyki

Ogólne statystyki
  • Ten quiz został rozwiązany 10 razy
  • Średni wynik to 2 z 5
Statystyki odpowiedzi
12345 Wydzieliny % Poprawnych
3 Ropa
56%
5 Żółć
56%
1 Flegma
33%
2 Mleko
11%
4 Wymioty
11%
Nie znaleziono quizów pasujących do podanych kryteriów
Rozkład punktacji
Procent ludzi z każdym wynikiem
Percentyl według liczby udzielonych odpowiedzi
Twoja historia wyników
Nie rozwiązałeś tego quizu